| 000 | 00000nas 2200000za 4500 |
| 001 | 9.814843 |
| 003 | CaOODSP |
| 005 | 20250403105732 |
| 007 | cr ||||||||||| |
| 008 | 160411d19921998oncar p oss f000#b0fre|d |
| 040 | |aCaOODSP|bfre |
| 041 | |aeng|afre |
| 043 | |an-cn--- |
| 086 | 1 |aCS85-522-PDF |
| 245 | 00|aYouth court statistics |h[ressource électronique] / |cprepared by the Youth Justice Program, Canadian Centre for Justice Statistics = Statistiques sur les tribunaux de la jeunesse / préparé par le Programme de la justice pour les jeunes, Centre Canadian de la statistique juridique. |
| 246 | 11|aStatistiques sur les tribunaux de la jeunesse. |
| 260 | |a[Ottawa] : |bThe Centre = Le Centre, |c1992-1999. |
| 310 | |aAnnuel |
| 362 | 0 |a1991/92-1997/98. |
| 500 | |aÉdition numérisée de l’imprimé [par Statistique Canada]. |
| 500 | |aNombreux tableaux. |
| 546 | |aTexte en anglais et en français. |
| 692 | 07|2gccst|aJeune contrevenant |
| 692 | 07|2gccst|aTribunal |
| 710 | 2 |aCentre canadien de la statistique juridique. |
| 710 | 2 |aCentre canadien de la statistique juridique.|bProgramme de la justice pour les jeunes. |
| 710 | 2 |aStatistique Canada. |
| 780 | 00|tYouth court statistics, preliminary tables ... |w(CaOODSP)9.814839 |
| 791 | |tYouth court statistics |eeng|w(CaOODSP)9.814841 |